Generare libertà. (Record n. 360128)
[ formato base ]
| 000 -LEADER | |
|---|---|
| campo di controllo lung. fissa | 01697nam a22002177a 4500 |
| 003 - Identificatore del numero di controllo | |
| campo di controllo | IT-MiCISF |
| 005 - Data e orario dell'ultima transazione | |
| campo di controllo | 20240620143700.0 |
| 008 - Elementi di lunghezza fissa--Informazione generale | |
| campo di controllo lung. fissa | 240620b |||||||| |||| 00| 0 eng d |
| 020 ## - ISBN (International Standard Book Number) | |
| ISBN (International Standard Book Number) | 9788815387998 |
| 040 ## - Fonte della catalogazione | |
| Agenzia che fa la trascrizione | IT-MiCISF |
| 041 ## - Codice di lingua | |
| Codice di lingua del testo/traccia sonora o titolo separato | it |
| 100 ## - Accesso principale -- nome di persona | |
| Nome di persona | Giaccardi Chiara, Magatti Mauro |
| 9 (RLIN) | 60785 |
| 245 ## - Formulazione del titolo | |
| Titolo | Generare libertà. |
| Complemento del titolo | Accrescere la vita senza distruggere il mondo |
| 260 ## - Pubblicazione, distribuzione, ecc. (stampa) | |
| Luogo di pubblicazione, distribuzione, ecc. | Bologna, |
| Nome dell'editore, distributore, ecc. | Il Mulino, |
| Data di pubblicazione, distribuzione, ecc. | 2024 |
| 300 ## - Descrizione fisica | |
| Estensione | pp. 171 |
| 500 ## - Nota generale | |
| Nota generale | società, cambiamento, rapporti-sociali, economia |
| 520 ## - Riassunto, ecc. | |
| Nota di riassunto, ecc. | La realtà reagisce al nostro modello di sviluppo e ci sollecita con forza a cambiare. Un libro coraggioso per ridefinire il rapporto tra la libertà di ciascuno, la società e l'ambiente. Siamo tanti, viviamo meglio e più a lungo. Ma la vorticosa crescita economica dell'ultimo secolo si sta ora scontrando con le sue contraddizioni - cambiamento climatico, migrazioni, squilibri demografici, disuguaglianze - minacciando la vita stessa del pianeta e ponendo con urgenza il problema della sostenibilità. La risposta non può essere però solo tecno-economica: occorre piuttosto mettere in discussione le premesse su cui la crescita si basa, colmando un ritardo culturale nella consapevolezza che non esiste forma vivente che non sia in relazione. Lo dice la scienza e lo dicono da sempre le religioni: solo in rapporto con gli altri diventiamo noi stessi ed esercitiamo la vera libertà, in modo transitivo e generativo e non estrattivo e predatorio. È questa la logica che presiede la vita umana, personale e collettiva, e che può riaprire la strada verso una società libera, giusta e sostenibile. |
| 650 ## - Accesso aggiunto di soggetto--termine topico | |
| Termine topico o nome geografico come accesso | Società |
| 654 ## - Accesso aggiunto di soggetto--termini topici faccettati | |
| Termine principale | saggio |
| 942 ## - Dati aggiuntivi (Koha) | |
| Fonte della classificazione o dello schema di collocazione (segnatura) | Dewey Decimal Classification |
| Ritirato (status) | Perso (status) | Fonte della classificazione o dello schema di collocazione (segnatura) | Danneggiato (status) | Non per il presito | Biblioteca proprietaria | Biblioteca in cui si trova | Data d'acquisizione | Totale prestiti | Collocazione | Codice a barre | Data ultima operazione | Prezzo in vigore dal |
|---|---|---|---|---|---|---|---|---|---|---|---|---|
| Dewey Decimal Classification | Buone Condizioni | Not For Loan | CISF - Milano | CISF - Milano | 20/06/2024 | A2466 | 9788815387998 | 20/06/2024 | 20/06/2024 |